[Event "Cherkasy Konsalt Apr"]
[Site "Cherkasy"]
[Date "2021.04.08"]
[Round "4"]
[White "Doluhanova, Evgeniya"]
[Black "Voronov, Yuri"]
[Result "1-0"]
[WhiteElo "2221"]
[BlackElo "2245"]
[PlyCount "163"]
[EventDate "2021.04.06"]
[EventType "tourn"]
[EventRounds "9"]
[EventCountry "UKR"]
[SourceTitle "CBM 201 Extra"]
[Source "ChessBase"]
[SourceDate "2021.05.31"]
[SourceVersion "1"]
[SourceVersionDate "2021.05.31"]
[SourceQuality "1"]

1. e4 c5 2. Nf3 d6 3. Bb5+ Nc6 4. 0-0 Bd7 5. c3 a6 6. Ba4 Nf6 7. Re1 b5 8. Bb3 c4 9. Bc2 g6 10. b3 cxb3 11. axb3 Bg7 12. d4 0-0 13. Nbd2 Qb6 14. Bb2 e5 15. Nf1 Bg4 16. d5 Ne7 17. Ne3 Bd7 18. c4 Ng4 19. Qe2 Bh6 20. Bc1 Nxe3 21. Bxe3 Bxe3 22. Qxe3 Qxe3 23. fxe3 Rfc8 24. Nd2 bxc4 25. Nxc4 Rc5 26. Nb6 Ra7 27. Bd3 Bb5 28. b4 Rcc7 29. Bxb5 axb5 30. Rxa7 Rxa7 31. Rc1 Kf8 32. Nc8 Nxc8 33. Rxc8+ Ke7 34. Rb8 Ra2 35. Kf1 h5 36. Rxb5 Rb2 37. Rb7+ Ke8 38. b5 g5 39. b6 g4 40. Rb8+ Ke7 41. b7 h4 42. Rh8 Rxb7 43. Rxh4 Rb3 44. Rxg4 Rxe3 45. Kf2 Rd3 46. Rg5 Kf6 47. h4 Rd2+ 48. Ke3 Rd1 49. Rf5+ Kg7 50. Rf3 Rh1 51. g3 Ra1 52. Kd2 Ra2+ 53. Kd1 Ra4 54. Re3 Ra2 55. Ke1 Kg6 56. Re2 Ra3 57. Kf2 f5 58. Re3 Ra2+ 59. Kf3 fxe4+ 60. Rxe4 Rd2 61. Rg4+ Kf5 62. Rg8 Rd3+ 63. Ke2 Rxd5 64. h5 Ra5 65. h6 Ra2+ 66. Kf3 e4+ 67. Ke3 Rh2 68. g4+ Ke5 69. Re8+ Kf6 70. Rh8 Ke5 71. h7 Rh3+ 72. Kf2 Kd4 73. Kg2 Rh4 74. Kg3 Rh1 75. g5 Ke3 76. Kg4 d5 77. g6 d4 78. Ra8 d3 79. h8Q Rxh8 80. Rxh8 d2 81. Rd8 Ke2 82. g7 1-0

[Event "Lutsk Nebesna Sotnya Memorial"]
[Site "Lutsk"]
[Date "2014.07.27"]
[Round "8"]
[White "Voronov, Yuri"]
[Black "Katashuk, V."]
[Result "0-1"]
[WhiteElo "2267"]
[BlackElo "2147"]
[PlyCount "100"]
[EventDate "2014.07.26"]
[EventType "swiss"]
[EventRounds "11"]
[EventCountry "UKR"]
[SourceTitle "CBM 161 Extra"]
[Source "ChessBase"]
[SourceDate "2014.08.29"]
[SourceVersion "1"]
[SourceVersionDate "2014.08.29"]
[SourceQuality "1"]

1. e4 c5 2. Nf3 d6 3. d4 cxd4 4. Nxd4 Nf6 5. Nc3 g6 6. Be2 Bg7 7. 0-0 0-0 8. Nb3 Nc6 9. Bg5 Be6 10. f4 Qc8 11. Bf3 Rd8 12. Nd5 Bxd5 13. exd5 Nb4 14. c3 Na6 15. Re1 Re8 16. Qd2 Nc5 17. Bh4 b6 18. Nd4 Qd7 19. h3 a6 20. Re3 Kf8 21. Rae1 Ng8 22. b4 Nb7 23. Bg4 Qc7 24. Nc6 Bf6 25. Bxf6 exf6 26. Rxe8+ Rxe8 27. Rxe8+ Kxe8 28. Qe2+ Ne7 29. Qxa6 Nxc6 30. dxc6 Qxc6 31. Bf3 d5 32. c4 Nd8 33. Bxd5 Qd6 34. Qa4+ Kf8 35. Qa8 Kg7 36. a3 h5 37. Bf3 Ne6 38. f5 Qd4+ 39. Kf1 Qxc4+ 40. Kg1 Qc1+ 41. Kf2 Qd2+ 42. Kf1 Nf4 43. fxg6 Qc1+ 44. Kf2 Nd3+ 45. Ke2 Nf4+ 46. Kf2 Qd2+ 47. Kg3 Qe1+ 48. Kh2 h4 49. Qe4 Qg3+ 50. Kh1 fxg6 0-1

[Event "Lutsk Nebesna Sotnya Memorial"]
[Site "Lutsk"]
[Date "2014.07.26"]
[Round "7"]
[White "Golubka, Petr"]
[Black "Voronov, Yuri"]
[Result "1/2-1/2"]
[WhiteElo "2397"]
[BlackElo "2267"]
[PlyCount "75"]
[EventDate "2014.07.26"]
[EventType "swiss"]
[EventRounds "11"]
[EventCountry "UKR"]
[SourceTitle "CBM 161 Extra"]
[Source "ChessBase"]
[SourceDate "2014.08.29"]
[SourceVersion "1"]
[SourceVersionDate "2014.08.29"]
[SourceQuality "1"]

1. e4 c5 2. Nf3 d6 3. d4 cxd4 4. Nxd4 Nf6 5. Nc3 a6 6. Be3 Ng4 7. Bg5 h6 8. Bh4 g5 9. Bg3 Bg7 10. h3 Nf6 11. Bc4 Qa5 12. 0-0 Qc5 13. Bb3 g4 14. hxg4 Bxg4 15. Nde2 Nh5 16. Bh2 Nc6 17. Qd2 Nf6 18. Kh1 Bxe2 19. Qxe2 Nd4 20. Qd1 Nxb3 21. axb3 0-0 22. Qe2 Rac8 23. Rad1 Qh5 24. Qxh5 Nxh5 25. Nd5 Rfe8 26. c3 Nf6 27. f3 Nxd5 28. Rxd5 Rc6 29. Rfd1 Rec8 30. b4 Bf8 31. Bf4 Kh7 32. g3 Kg6 33. Kg2 e6 34. R5d3 e5 35. Be3 f5 36. exf5+ Kxf5 37. Rh1 Kg6 38. Rd5 1/2-1/2

[Event "Yuzhny op"]
[Site "Yuzhny"]
[Date "2011.09.07"]
[Round "8"]
[White "Voronov, Yuri"]
[Black "Loy, Konstantin"]
[Result "1/2-1/2"]
[WhiteElo "2294"]
[BlackElo "2134"]
[PlyCount "153"]
[EventDate "2011.09.03"]
[EventType "swiss"]
[EventRounds "9"]
[EventCountry "UKR"]
[SourceTitle "CBM 144 Extra"]
[Source "ChessBase"]
[SourceDate "2011.10.28"]
[SourceVersion "1"]
[SourceVersionDate "2011.10.28"]
[SourceQuality "1"]

1. e4 c5 2. Nf3 d6 3. d4 cxd4 4. Nxd4 Nf6 5. Nc3 g6 6. Be2 Bg7 7. 0-0 0-0 8. Bg5 Nc6 9. Nb3 Be6 10. f4 b5 11. Bf3 b4 12. Nd5 Nd7 13. Rb1 a5 14. c3 a4 15. Nd2 a3 16. cxb4 axb2 17. e5 dxe5 18. Nc4 Rc8 19. b5 Bxd5 20. Bxd5 Nd4 21. Nd6 Qb6 22. Bxf7+ Rxf7 23. Nxc8 Qc5 24. Nxe7+ Rxe7 25. Bxe7 Qxe7 26. Rxb2 Qd6 27. Qd3 Nb6 28. fxe5 Bxe5 29. h3 Qc5 30. Rbf2 Nf5 31. g4 Nd6 32. Kg2 Nbc4 33. Rf3 Qxb5 34. g5 Qb7 35. Re1 Qc6 36. Kf1 Qxf3+ 37. Qxf3 Nd2+ 38. Kg2 Nxf3 39. Kxf3 Bc3 40. Re7 Nf5 41. Rd7 Nd4+ 42. Kg4 Ne6 43. a4 Bb4 44. Rb7 Bd2 45. Rb5 Nc7 46. Rb8+ Kf7 47. Rb7 Ba5 48. Ra7 Bb6 49. Rb7 Ba5 50. Rb8 Kg7 51. Rd8 h5+ 52. Kf3 Kf7 53. Ke4 Ke7 54. Rg8 Kf7 55. Rb8 Ke6 56. Rb2 Kd6 57. Rf2 Nd5 58. Rf8 Ne7 59. Ra8 Nc6 60. Rf8 Ne7 61. Rf6+ Kd7 62. Ra6 Bd2 63. Ra7+ Ke6 64. a5 Nc6 65. Rg7 Nxa5 66. Rxg6+ Kf7 67. Rf6+ Kg7 68. Kf5 Nc4 69. Rc6 Ne3+ 70. Ke5 Nf1 71. h4 Be1 72. Rc7+ Kg8 73. Rc6 Kf7 74. Rc1 Bg3+ 75. Kf5 Ne3+ 76. Ke4 Bxh4 77. Rh1 1/2-1/2

[Event "UKR-chT 17th"]
[Site "Alushta"]
[Date "2010.05.16"]
[Round "5.1"]
[White "Voronov, Yuri"]
[Black "Moiseenko, Alexander"]
[Result "1/2-1/2"]
[WhiteElo "2280"]
[BlackElo "2669"]
[PlyCount "133"]
[EventDate "2010.05.13"]
[EventType "team-tourn"]
[EventRounds "11"]
[EventCountry "UKR"]
[SourceTitle "EXT 2019"]
[Source "ChessBase"]
[SourceDate "2018.10.10"]
[SourceVersion "1"]
[SourceVersionDate "2018.10.10"]
[SourceQuality "1"]
[WhiteTeam "Cherkasy Etiud"]
[BlackTeam "Kharkov Law Academy"]
[WhiteTeamCountry "UKR"]
[BlackTeamCountry "UKR"]

1. e4 c5 2. Nf3 Nc6 3. Bb5 e6 4. 0-0 Nge7 5. Re1 Ng6 6. c3 d5 7. exd5 Qxd5 8. c4 Qd3 9. Bxc6+ bxc6 10. b3 Be7 11. Nc3 0-0 12. Ba3 Qf5 13. Qb1 Qh5 14. Qe4 Rd8 15. Rad1 f5 16. Qe3 e5 17. d3 f4 18. Qe2 Bg4 19. h3 Bxf3 20. Qxf3 Qxf3 21. gxf3 Nh4 22. Re4 Nxf3+ 23. Kg2 Nh4+ 24. Kf1 Bd6 25. Na4 Nf3 26. Bxc5 Bc7 27. Be7 Re8 28. Kg2 Nd4 29. Bc5 Nf5 30. Nc3 Re6 31. d4 Rg6+ 32. Kf1 exd4 33. Bxd4 Rd6 34. Bc5 Rxd1+ 35. Nxd1 Rd8 36. Ke1 Kf7 37. Nb2 g5 38. Re2 Kf6 39. Nd3 Bb6 40. Bxb6 axb6 41. Kd2 h5 42. Kc3 c5 43. a4 Nd6 44. Re1 Ra8 45. b4 Rxa4 46. Kb3 Ra7 47. bxc5 bxc5 48. Nxc5 Re7 49. Rd1 Nf5 50. Kc3 g4 51. hxg4 hxg4 52. Kd3 g3 53. fxg3 Re3+ 54. Kd2 fxg3 55. Nd3 Kg5 56. Re1 Rf3 57. c5 g2 58. Rg1 Nh4 59. Ke2 Rg3 60. Ne1 Kg4 61. Kf2 Kh3 62. Nxg2 Nxg2 63. c6 Rc3 64. Rh1+ Kg4 65. Kxg2 Rc2+ 66. Kf1 Rc1+ 67. Kg2 1/2-1/2

[Event "UKR-chT 17th"]
[Site "Alushta"]
[Date "2010.05.13"]
[Round "1.5"]
[White "Voronov, Yuri"]
[Black "Stoockalov, Vladimir L"]
[Result "1-0"]
[WhiteElo "2280"]
[BlackElo "2280"]
[PlyCount "55"]
[EventDate "2010.05.13"]
[EventType "team-tourn"]
[EventRounds "11"]
[EventCountry "UKR"]
[SourceTitle "EXT 2019"]
[Source "ChessBase"]
[SourceDate "2018.10.10"]
[SourceVersion "1"]
[SourceVersionDate "2018.10.10"]
[SourceQuality "1"]
[WhiteTeam "Cherkasy Etiud"]
[BlackTeam "Pavlograd Tura"]
[WhiteTeamCountry "UKR"]
[BlackTeamCountry "UKR"]

1. e4 e5 2. Nf3 Nc6 3. Bb5 Nf6 4. d3 d6 5. c3 Be7 6. Nbd2 0-0 7. 0-0 Bg4 8. Re1 Nd7 9. h3 Bxf3 10. Nxf3 Bf6 11. d4 Re8 12. a3 Qe7 13. Qd3 a6 14. Ba4 b5 15. Bc2 Na5 16. d5 c5 17. dxc6 Nb6 18. a4 b4 19. cxb4 Nxc6 20. Bd2 g6 21. a5 Nc8 22. Ba4 Qb7 23. Rec1 N8a7 24. Rc4 Rec8 25. Qd5 Rc7 26. Rac1 Rac8 27. Be3 Ne7 28. Rxc7 1-0

[Event "Yuzhny op"]
[Site "Yuzhny"]
[Date "2009.09.13"]
[Round "9"]
[White "Sharapov, Evgeny"]
[Black "Voronov, Yuri"]
[Result "1/2-1/2"]
[WhiteElo "2515"]
[BlackElo "2242"]
[PlyCount "201"]
[EventDate "2009.09.08"]
[EventType "swiss"]
[EventRounds "9"]
[EventCountry "UKR"]
[SourceTitle "CBM 132 Extra"]
[Source "ChessBase"]
[SourceDate "2009.11.03"]
[SourceVersion "1"]
[SourceVersionDate "2009.11.03"]
[SourceQuality "1"]

1. e4 c5 2. Nf3 e6 3. d4 cxd4 4. Nxd4 Nc6 5. Nb5 d6 6. c4 Nf6 7. N5c3 b6 8. g3 Bb7 9. Bg2 Be7 10. 0-0 0-0 11. h3 Qc8 12. Be3 Rd8 13. Na3 d5 14. cxd5 exd5 15. exd5 Nb4 16. Rc1 Qd7 17. Qb3 Nfxd5 18. Rcd1 Qe6 19. Rfe1 Nxc3 20. Rxd8+ Rxd8 21. Bxb7 Qxb3 22. axb3 Nd3 23. Ra1 Nxb2 24. Bf3 Ncd1 25. Nc2 Nxe3 26. Nxe3 a5 27. Ra2 Nd3 28. Nd5 Bb4 29. Nxb6 Nc1 30. Rb2 Rd2 31. Rxd2 Bxd2 32. Bd5 Kf8 33. Kf1 Ke7 34. Bc4 f6 35. Bg8 h6 36. h4 h5 37. f4 Kf8 38. Be6 g6 39. Bc4 Kg7 40. Nd5 Na2 41. Ke2 Bc1 42. Nc7 Bb2 43. Kd2 Nb4 44. Ne6+ Kh6 45. Bb5 Nd5 46. Bc6 Ne7 47. Be4 Ba3 48. Ke2 Nc8 49. Nd4 Ne7 50. Ne6 Bb4 51. Nc7 Kg7 52. Bd3 Bc3 53. Ne8+ Kf8 54. Nd6 Bb4 55. Nb5 Kg7 56. Be4 Bc5 57. Nc3 Bb4 58. Kd3 Nc8 59. Kd4 Nd6 60. Bd3 f5 61. Ne2 Kf6 62. Kd5 Nf7 63. Bc4 Be1 64. Kd4 Bf2+ 65. Kd3 Nh6 66. Bd5 Ng4 67. Bf3 Ne3 68. Nc3 Ng4 69. Ne2 Nh2 70. Bg2 Ke7 71. Kc4 Ng4 72. Kd3 Kd6 73. Bf3 Nf6 74. Kc4 Be1 75. Kd4 Bf2+ 76. Kc4 Nd7 77. Nd4 Nb6+ 78. Kd3 Nd5 79. Kc4 Nb6+ 80. Kd3 Be1 81. Ke2 Bxg3 82. Bxh5 Nd5 83. Bxg6 Bxf4 84. Nxf5+ Ke5 85. h5 Bc1 86. Kd1 Bg5 87. Ng3 Nf4 88. Be8 Bh4 89. h6 Bf6 90. h7 Bh8 91. Kd2 Kf6 92. Bc6 Ne6 93. Kd3 Kg5 94. Be4 Nc5+ 95. Kc4 Nxb3 96. Nf1 Nd4 97. Bd3 Ne6 98. Kb5 Kh6 99. Ne3 Ng5 100. Nf5+ Kxh7 101. Kxa5 1/2-1/2

[Event "UKR-chT 15th"]
[Site "Alushta"]
[Date "2008.05.27"]
[Round "8.4"]
[White "Voronov, Yuri"]
[Black "Miroshnichenko, Evgenij"]
[Result "0-1"]
[WhiteElo "2218"]
[BlackElo "2642"]
[PlyCount "134"]
[EventDate "2008.05.21"]
[EventType "team-tourn"]
[EventRounds "9"]
[EventCountry "UKR"]
[SourceTitle "EXT 2019"]
[Source "ChessBase"]
[SourceDate "2018.10.10"]
[SourceVersion "1"]
[SourceVersionDate "2018.10.10"]
[SourceQuality "1"]
[WhiteTeam "Cherkasy Etiud"]
[BlackTeam "Kiev Kievchess"]
[WhiteTeamCountry "UKR"]
[BlackTeamCountry "UKR"]

1. e4 c5 2. Nf3 Nc6 3. d4 cxd4 4. Nxd4 Nf6 5. Nc3 d6 6. Bg5 Qa5 7. Bxf6 gxf6 8. Nb3 Qg5 9. Nd5 Rb8 10. f4 Qh6 11. Qd2 Bg7 12. Nc7+ Kf8 13. 0-0-0 Qg6 14. Bd3 f5 15. Rhe1 fxe4 16. Rxe4 Bf5 17. Re3 h5 18. Nb5 Rc8 19. Kb1 h4 20. Nc3 Rh5 21. Bxf5 Qxf5 22. Qe2 Rh6 23. Qf3 Qh5 24. Qf1 Qg4 25. a3 Re6 26. Nd5 a6 27. Rdd3 Rxe3 28. Nxe3 Qe6 29. Nd5 Qf5 30. Ne3 Qf6 31. c3 Qe6 32. Nd2 Qg6 33. Nf3 Bf6 34. Ka1 Na5 35. f5 Qh5 36. Qd1 Nc4 37. Nxc4 Rxc4 38. Rd5 Rf4 39. Rxd6 Qxf5 40. Rd5 Qg4 41. Rd8+ Kg7 42. Rd2 e5 43. h3 Qf5 44. Rd5 Qg6 45. Qd2 Qg3 46. Rd7 e4 47. Qd5 Bxc3 48. Ng5 Bxb2+ 49. Kxb2 Rf2+ 50. Kb1 Rf1+ 51. Kc2 Qf2+ 52. Qd2 e3 53. Qxf2 exf2 54. Rxf7+ Kg6 55. Kd2 Ra1 56. Rxf2 Kxg5 57. Kc3 Rxa3+ 58. Kb4 Re3 59. Kc5 Re5+ 60. Kd4 Rf5 61. Rb2 Rb5 62. Rf2 a5 63. Kc3 a4 64. Rf8 Rb3+ 65. Kc4 b5+ 66. Kc5 a3 67. Ra8 Kf4 0-1

[Event "UKR-chT 14th"]
[Site "Alushta"]
[Date "2007.04.23"]
[Round "2.1"]
[White "Chulivska, Vita"]
[Black "Voronov, Yuri"]
[Result "1/2-1/2"]
[WhiteElo "2240"]
[BlackElo "2228"]
[PlyCount "62"]
[EventDate "2007.04.22"]
[EventType "team-tourn"]
[EventRounds "9"]
[EventCountry "UKR"]
[SourceTitle "EXT 2019"]
[Source "ChessBase"]
[SourceDate "2018.10.10"]
[SourceVersion "1"]
[SourceVersionDate "2018.10.10"]
[SourceQuality "1"]
[WhiteTeam "Lwiw Ivan Franko University"]
[BlackTeam "Cherkasy Etiud"]
[WhiteTeamCountry "UKR"]
[BlackTeamCountry "UKR"]

1. e4 c5 2. b4 cxb4 3. a3 e6 4. axb4 Bxb4 5. c3 Be7 6. d4 d6 7. Bd3 Nf6 8. Ne2 0-0 9. 0-0 Nbd7 10. Nd2 b6 11. f4 Bb7 12. Ng3 Qc7 13. Bb2 Rfd8 14. e5 dxe5 15. fxe5 Nxe5 16. dxe5 Rxd3 17. exf6 Bxf6 18. Qe2 Rad8 19. Nde4 Be5 20. Rad1 Ba6 21. Qc2 f5 22. Nf2 Qc5 23. Ba3 Qd5 24. Nxd3 Bxd3 25. Rxd3 Qxd3 26. Qb3 Qe3+ 27. Kh1 Bxg3 28. hxg3 Qh6+ 29. Kg1 Qe3+ 30. Kh1 Qh6+ 31. Kg1 Qe3+ 1/2-1/2

[Event "UKR-chT 12th"]
[Site "Alushta"]
[Date "2005.04.11"]
[Round "6.4"]
[White "Shalimov, Valery"]
[Black "Voronov, Yuri"]
[Result "1-0"]
[WhiteElo "2457"]
[BlackElo "2243"]
[PlyCount "49"]
[EventDate "2005.04.07"]
[EventType "team-tourn"]
[EventRounds "9"]
[EventCountry "UKR"]
[SourceTitle "EXT 2019"]
[Source "ChessBase"]
[SourceDate "2018.10.10"]
[SourceVersion "1"]
[SourceVersionDate "2018.10.10"]
[SourceQuality "1"]
[WhiteTeam "Kharkov Law Academy"]
[BlackTeam "Cherkasy Etiud"]
[WhiteTeamCountry "UKR"]
[BlackTeamCountry "UKR"]

1. d4 d5 2. Nf3 Nf6 3. c4 e6 4. e3 c6 5. Bd3 dxc4 6. Bxc4 b5 7. Bd3 Bb7 8. 0-0 Nbd7 9. e4 Be7 10. e5 Nd5 11. Nc3 Nxc3 12. bxc3 a6 13. a4 b4 14. cxb4 Bxb4 15. Ng5 Nf8 16. Qg4 Ng6 17. Bxg6 hxg6 18. d5 Be7 19. dxe6 Bxg5 20. Bxg5 Qc8 21. Rab1 0-0 22. Qb4 Rb8 23. Be7 c5 24. Qxc5 Re8 25. Qxc8 1-0

[Event "UKR-chT 12th"]
[Site "Alushta"]
[Date "2005.04.10"]
[Round "4.3"]
[White "Vovk, Yuri"]
[Black "Voronov, Yuri"]
[Result "1-0"]
[WhiteElo "2434"]
[BlackElo "2243"]
[PlyCount "69"]
[EventDate "2005.04.07"]
[EventType "team-tourn"]
[EventRounds "9"]
[EventCountry "UKR"]
[SourceTitle "EXT 2019"]
[Source "ChessBase"]
[SourceDate "2018.10.10"]
[SourceVersion "1"]
[SourceVersionDate "2018.10.10"]
[SourceQuality "1"]
[WhiteTeam "Lwiw Ivan Franko University"]
[BlackTeam "Cherkasy Etiud"]
[WhiteTeamCountry "UKR"]
[BlackTeamCountry "UKR"]

1. e4 c5 2. Nf3 e6 3. d4 cxd4 4. Nxd4 Nf6 5. Nc3 d6 6. Be2 a6 7. 0-0 Qc7 8. f4 Be7 9. Be3 0-0 10. a4 Nc6 11. Kh1 Re8 12. g4 Nd7 13. g5 Bf8 14. Bf3 Rb8 15. Bg2 g6 16. Qe1 Bg7 17. Rd1 Na5 18. Ndb5 axb5 19. Nxb5 Qd8 20. Nxd6 Re7 21. b4 Nc6 22. e5 Ra8 23. b5 Na5 24. c4 Qc7 25. Qb4 Nb6 26. Bxb6 Qxb6 27. Nxc8 Rxc8 28. Qxe7 Bf8 29. Qd7 Rxc4 30. Qe8 Rd4 31. Qa8 Rxa4 32. Rd7 Qe3 33. Qe8 Rxf4 34. Rxf7 Rxf1+ 35. Rxf1 1-0